000 00281nam a22001217a 4500
008 170516b xxu||||| |||| 00| 0 eng d
041 _aeng
080 _a94
100 _a16
101 _aSHH
245 _aTHE HISTORY OF SCIENCE AND THE NEW HUMANISM
_cSARTON, G
942 _2udc
_cBK
999 _c13330
_d13330